Vybrané kapitoly z dálkového průzkumu Země pro obranu a bezpečnost. Díl I. /

Hlavní autor: Kovařík, Vladimír, 1962-
Korporativní autor: Univerzita obrany. Fakulta vojenských technologií
Jazyk: Čeština
Vydáno: Brno : Univerzita obrany, 2024
Vydání: Vydání: první
Témata:
Fyzický popis: 78 stran : ilustrace (převážně barevné) ; 30 cm
Knihy
Uloženo v:
LEADER 02328nam a2200589 i 4500
001 nkc20253671600
003 CZ PrNK
005 20260213061912.0
007 ta
008 250205s2024 xr a e p 000 0 cze
015 |a cnb003671600 
020 |a 978-80-7582-532-2  |q (brožováno) 
035 |a (OCoLC)1505964810 
040 |a ABA001  |b cze  |e rda 
072 7 |a 355/359  |x Vojenství. Obrana země. Ozbrojené síly  |2 Konspekt  |9 15 
072 7 |a 37.016  |x Učební osnovy. Vyučovací předměty. Učebnice  |2 Konspekt  |9 22 
080 |a 528.8  |2 MRF 
080 |a 629.783:355  |2 MRF 
080 |a 629.78:355.40  |2 MRF 
080 |a 629.783:355.40  |2 MRF 
080 |a 355.40  |2 MRF 
080 |a (075.8)  |2 MRF 
100 1 |a Kovařík, Vladimír,  |d 1962-  |7 xx0075153  |4 aut 
245 1 0 |a Vybrané kapitoly z dálkového průzkumu Země pro obranu a bezpečnost.  |n Díl I. /  |c Vladimír Kovařík 
250 |a Vydání: první 
264 1 |a Brno :  |b Univerzita obrany,  |c 2024 
300 |a 78 stran :  |b ilustrace (převážně barevné) ;  |c 30 cm 
336 |a text  |b txt  |2 rdacontent 
337 |a bez média  |b n  |2 rdamedia 
338 |a svazek  |b nc  |2 rdacarrier 
500 |a Nad názvem: Univerzita obrany, Fakulta vojenských technologií 
500 |a Na obálce označení: S-2292/1 
500 |a Terminologický slovník 
500 |a 52 výtisků 
504 |a Obsahuje bibliografii a bibliografické odkazy 
650 0 7 |a dálkový průzkum Země  |7 ph119671  |2 czenas 
650 0 7 |a vojenské družice  |7 ph281376  |2 czenas 
650 0 7 |a kosmická špionáž  |7 ph314930  |2 czenas 
650 0 7 |a vojenské zpravodajství  |7 ph493980  |2 czenas 
650 0 9 |a remote sensing  |2 eczenas 
650 0 9 |a military artificial satellites  |2 eczenas 
650 0 9 |a space espionage  |2 eczenas 
650 0 9 |a military intelligence  |2 eczenas 
655 7 |a učebnice vysokých škol  |7 fd133772  |2 czenas 
655 9 |a textbooks (higher)  |2 eczenas 
710 2 |a Univerzita obrany.  |b Fakulta vojenských technologií  |7 olak2005266949  |4 isb 
910 2 |a BOA001  |b 4-1537.909,1 
990 |a BK 
995 |a 01 
991 |b 202503  |c NOV 
996 6 |b 2610994989  |c 4-1537.909,1  |l MZK  |r Sklad / do 1 hodiny  |n 0  |p p.v.  |w 001995226  |u 000010  |a 1  |e BOA001  |j MZK50  |s P 
996 7 |b 2610994990  |c 4-1537.909,1  |l MZK  |r Sklad / do 1 hodiny  |n 1  |p p.v.  |w 001995226  |u 000020  |a 1  |e BOA001  |j MZK50  |s A